000 00922nam a22002297a 4500
999 _c2496
_d2496
003 AR-CdUCM
008 190304b ||||| |||| 00| 0 spa d
040 _aMUNICIPALIDAD PROVINCIAL DEL CUSCO
_cBIBLIOTECA MUNICIPAL DEL CUSCO
041 _heng
082 _a330.9 /
_bC689
100 _aCole, George Douglas Howard,
_98889
245 _aIntroducción a la historia económica :
_b1750-1950 /
260 _aMéxico, D.F :
_b Fondo de Cultura Económica,
_c1977.
300 _a218 p. :
_bmapas plegables,
_c18 cm.
505 _aLa naturaleza de la moderna sociedad industrial -- Hace doscientos años -- La revolución industrial -- Hace 100 años -- Desarrollo de Francia y Alemania...
650 _aRevolución industrial
_98890
650 _aEl imperialismo economico
_98891
650 _aHistoria de la economía
_98892
700 _aVillegas, Carlos ( Traductor)
_98893
942 _2ddc
_cLIBROS
945 _awnts